header

Tourist destination governance (Record no. 118717)

MARC details
000 -LEADER
fixed length control field 01185nam a2200301 a 4500
082 04 - DEWEY DECIMAL CLASSIFICATION NUMBER
Classification number 910.68
245 00 - TITLE STATEMENT
Title Tourist destination governance
260 ## - PUBLICATION, DISTRIBUTION, ETC. (IMPRINT)
Place of publication Cambridge, Mass. :
Name of publisher CAB International,
Year of publication c2011.
300 ## - PHYSICAL DESCRIPTION
Number of Pages xiv, 222 p. :
Other physical details ill.
650 #0 - SUBJECT ADDED ENTRY--TOPICAL TERM
Topical Term Tourism
700 1# - ADDED ENTRY--PERSONAL NAME
Personal name Laws, Eric,
856 40 - ELECTRONIC LOCATION AND ACCESS
Uniform Resource Identifier http://site.ebrary.com/lib/rucke/Doc?id=10480965

No items available.

© 2026 Rongo University
Contact us: librarian | system librarian | Rongo university